[Event "Capablanca Memorial op 57th"]
[Site "Havana"]
[Date "2024.05.10"]
[Round "8"]
[White "Hernandez Elias, Yurislandy"]
[Black "Torres Ymas, Alejandra"]
[Result "1-0"]
[WhiteElo "2031"]
[BlackElo "1895"]
[PlyCount "99"]
[EventDate "2024.05.03"]
[EventType "swiss"]
[EventRounds "10"]
[EventCountry "CUB"]
[SourceTitle "EXT 2025"]
[Source "ChessBase"]
[SourceDate "2024.10.14"]
[SourceVersion "1"]
[SourceVersionDate "2024.10.14"]
[SourceQuality "1"]

1. d4 Nf6 2. Bg5 e6 3. Nf3 h6 4. Bf4 c5 5. e3 Nc6 6. c3 d5 7. Bd3 Bd6 8. Bg3 Nh5 9. Nbd2 Nxg3 10. hxg3 Qb6 11. Rb1 Bd7 12. Qe2 0-0-0 13. dxc5 Bxc5 14. b4 Bd6 15. 0-0 Ne5 16. Nxe5 Bxe5 17. c4 Kb8 18. c5 Qc7 19. Rfc1 h5 20. f4 h4 21. g4 Bxf4 22. exf4 Qxf4 23. Rf1 Qd4+ 24. Kh2 e5 25. Nb3 Qxb4 26. Qxe5+ Ka8 27. Nd4 Qxc5 28. Rfc1 Rhe8 29. Qf4 g5 30. Qc7 Qxc7+ 31. Rxc7 b6 32. Ba6 Re4 33. Rbc1 Ree8 34. Nc6 Bxc6 35. R1xc6 d4 36. Rxf7 Rf8 37. Rg7 Rg8 38. Rd6 Kb8 39. Rb7+ Ka8 40. Rc6 Rb8 41. Rh7 Rh8 42. Bb7+ Rxb7 43. Rxh8+ Rb8 44. Rxb8+ Kxb8 45. Rd6 Kc7 46. Rxd4 Kc6 47. g3 hxg3+ 48. Kxg3 Kc5 49. Rd7 a5 50. Rg7 1-0

[Event "Capablanca Memorial op 57th"]
[Site "Havana"]
[Date "2024.05.06"]
[Round "4"]
[White "Hernandez Elias, Yurislandy"]
[Black "Bosch Valls, Leannet Mariah"]
[Result "1/2-1/2"]
[WhiteElo "2031"]
[BlackElo "2145"]
[PlyCount "123"]
[EventDate "2024.05.03"]
[EventType "swiss"]
[EventRounds "10"]
[EventCountry "CUB"]
[SourceTitle "EXT 2025"]
[Source "ChessBase"]
[SourceDate "2024.10.14"]
[SourceVersion "1"]
[SourceVersionDate "2024.10.14"]
[SourceQuality "1"]

1. e4 e5 2. Nf3 Nc6 3. Bb5 a6 4. Ba4 d6 5. c3 g6 6. d4 Bd7 7. 0-0 Bg7 8. dxe5 Nxe5 9. Nxe5 Bxe5 10. f4 Bg7 11. Bb3 Ne7 12. f5 f6 13. Na3 Nc6 14. Qd5 Qe7 15. Bf4 0-0-0 16. Rad1 Rde8 17. Nc4 Bf8 18. Bc2 Qg7 19. Bg3 h5 20. Rd2 h4 21. Bf4 gxf5 22. exf5 Qg8 23. Qxg8 Rxg8 24. Ne3 Ne5 25. Bb3 Rh8 26. h3 c6 27. Ng4 Nxg4 28. hxg4 d5 29. Kh2 Bc5 30. Bd1 Re4 31. Kh3 Rhe8 32. Kxh4 b5 33. Kg3 b4 34. Rc2 a5 35. Kh2 Rh8+ 36. Kg3 Rhe8 37. Kf3 bxc3 38. bxc3 Ba7 39. Re2 c5 40. Rfe1 Rxe2 41. Rxe2 Rxe2 42. Bxe2 d4 43. cxd4 cxd4 44. Bd3 Bc6+ 45. Kg3 Bd5 46. a3 Bc5 47. Bc1 Be7 48. Bb2 Bc5 49. Kh4 Bxg2 50. Kh5 Kd7 51. Kg6 Ke7 52. g5 fxg5 53. Kxg5 Bd5 54. Kg6 Kd6 55. Kf6 Bb3 56. Be4 Bc4 57. Bc1 d3 58. Bf4+ Kd7 59. Bd2 a4 60. Ke5 Bxa3 61. Kd4 Bg8 62. Bxd3 1/2-1/2

[Event "Capablanca Memorial op 57th"]
[Site "Havana"]
[Date "2024.05.05"]
[Round "3"]
[White "Travieso de la Torre, Yordanys"]
[Black "Hernandez Elias, Yurislandy"]
[Result "0-1"]
[WhiteElo "1761"]
[BlackElo "2031"]
[PlyCount "62"]
[EventDate "2024.05.03"]
[EventType "swiss"]
[EventRounds "10"]
[EventCountry "CUB"]
[SourceTitle "EXT 2025"]
[Source "ChessBase"]
[SourceDate "2024.10.14"]
[SourceVersion "1"]
[SourceVersionDate "2024.10.14"]
[SourceQuality "1"]

1. e4 c5 2. Nc3 Nc6 3. Bb5 Nd4 4. Nf3 e6 5. 0-0 Ne7 6. Nxd4 cxd4 7. Ne2 a6 8. Bd3 Nc6 9. c3 Bc5 10. Kh1 Rb8 11. b4 Bb6 12. a4 d5 13. b5 Ne5 14. Bb1 d3 15. Ng3 dxe4 16. Nxe4 f5 17. f4 Ng4 18. Ba3 Qh4 19. h3 h5 20. Qe1 Qxe1 21. Nd6+ Kd7 22. Rxe1 axb5 23. Nf7 Nf2+ 24. Kh2 Rg8 25. Ng5 Re8 26. Ba2 Kc7 27. axb5 g6 28. Bxe6 Bxe6 29. Nxe6+ Kd7 30. Ng5 Re2 31. Nf3 Bc7 0-1

[Event "Varadero op-A"]
[Site "Varadero"]
[Date "2023.10.06"]
[Round "7"]
[White "Hernandez Elias, Yurislandy"]
[Black "Villar Nunez, Lisnel"]
[Result "1-0"]
[WhiteElo "1912"]
[BlackElo "2017"]
[PlyCount "65"]
[EventDate "2023.10.03"]
[EventType "swiss"]
[EventRounds "9"]
[EventCountry "CUB"]
[SourceTitle "EXT 2025"]
[Source "ChessBase"]
[SourceDate "2024.10.14"]
[SourceVersion "1"]
[SourceVersionDate "2024.10.14"]
[SourceQuality "1"]

1. e4 c5 2. Nf3 Nc6 3. Bb5 g6 4. Bxc6 dxc6 5. d3 Bg7 6. Nc3 Nf6 7. 0-0 0-0 8. h3 Qc7 9. Be3 b6 10. Qd2 Re8 11. Nh2 e5 12. f4 exf4 13. Bxf4 Qd7 14. Bh6 Nh5 15. Bxg7 Kxg7 16. Ne2 Qd6 17. Qe3 Kg8 18. Rf2 a5 19. Raf1 Ra7 20. Rf3 Be6 21. Ng4 Bxg4 22. hxg4 Ng7 23. Qh6 Ne6 24. Rh3 Nf8 25. Kh1 f6 26. Rhf3 Rf7 27. g5 Nd7 28. Ng3 Ref8 29. gxf6 Rxf6 30. Qg5 Rxf3 31. gxf3 h6 32. Qh4 Rf4 33. Qxh6 1-0

[Event "Migoya Memorial tt"]
[Site "Camaguey"]
[Date "2018.09.26"]
[Round "7.1"]
[White "Hernandez Elias, Yurislandy"]
[Black "Morell Fuentes, Analia"]
[Result "0-1"]
[WhiteElo "1546"]
[BlackElo "1575"]
[PlyCount "102"]
[EventDate "2018.09.20"]
[EventType "team-tourn"]
[EventRounds "10"]
[EventCountry "CUB"]
[SourceTitle "EXT 2021"]
[Source "ChessBase"]
[SourceDate "2020.10.23"]
[SourceVersion "1"]
[SourceVersionDate "2020.10.23"]
[SourceQuality "1"]

1. e4 c5 2. d4 cxd4 3. c3 dxc3 4. Nxc3 Nc6 5. Nf3 d6 6. Bc4 Nf6 7. 0-0 g6 8. h3 Bg7 9. Be3 0-0 10. Qd2 b6 11. Bh6 Bb7 12. Rfe1 Qc7 13. Bxg7 Kxg7 14. Rac1 Qd7 15. Nd5 Nxd5 16. Bxd5 Nd8 17. Bxb7 Qxb7 18. Qd4+ Kg8 19. Qe3 f6 20. Rc2 Nf7 21. Rec1 Rac8 22. Qd3 Kg7 23. Nd4 Kg8 24. Ne6 Rxc2 25. Qxc2 Re8 26. Qc6 Qxc6 27. Rxc6 Ne5 28. Rc7 Kf7 29. Nd4 Ra8 30. Nb5 Ke8 31. Nxa7 Kd8 32. Rb7 Nd7 33. f3 Ke8 34. Rc7 Nc5 35. Rc8+ Rxc8 36. Nxc8 b5 37. Na7 b4 38. Nc6 Nd3 39. a3 bxa3 40. bxa3 Kd7 41. Nb4 Nxb4 42. axb4 Kc6 43. Kf2 e5 44. h4 Kb5 45. g4 h5 46. Kg2 Kxb4 47. Kf2 Kc4 48. Ke3 d5 49. exd5 Kxd5 50. gxh5 gxh5 51. Kd3 f5 0-1

[Event "Migoya Memorial tt"]
[Site "Camaguey"]
[Date "2018.09.24"]
[Round "3.3"]
[White "Hernandez Elias, Yurislandy"]
[Black "Pino Alvarez, Yadira"]
[Result "1-0"]
[WhiteElo "1546"]
[BlackElo "1443"]
[PlyCount "68"]
[EventDate "2018.09.20"]
[EventType "team-tourn"]
[EventRounds "10"]
[EventCountry "CUB"]
[SourceTitle "EXT 2021"]
[Source "ChessBase"]
[SourceDate "2020.10.23"]
[SourceVersion "1"]
[SourceVersionDate "2020.10.23"]
[SourceQuality "1"]

1. e4 e6 2. d4 d5 3. e5 c5 4. c3 Nc6 5. Nf3 cxd4 6. cxd4 Nge7 7. b3 Nf5 8. Be2 Bb4+ 9. Bd2 Qa5 10. 0-0 Bxd2 11. Nbxd2 Nfxd4 12. Nxd4 Nxd4 13. Bd3 Nc6 14. Nf3 Qd8 15. Re1 0-0 16. Qc1 h6 17. Bb1 Ne7 18. Nh4 Nf5 19. Nxf5 exf5 20. Qf4 Qe7 21. h4 Qe6 22. Bd3 f6 23. Rac1 fxe5 24. Rxe5 Qf7 25. Rxd5 Be6 26. Re5 Rac8 27. Kh2 Rxc1 28. Qxc1 Qf6 29. Rxe6 Qxh4+ 30. Kg1 Rd8 31. Bc4 Kh8 32. Qe1 Qh5 33. Re2 f4 34. Rd2 Re8 1-0

[Event "CUB Cup Ventana Sur"]
[Site "Bayamo"]
[Date "2018.08.20"]
[Round "2.3"]
[White "Marcano Romero, Lucas Daniel"]
[Black "Hernandez Elias, Yurislandy"]
[Result "1-0"]
[WhiteElo "1280"]
[BlackElo "1546"]
[PlyCount "31"]
[EventDate "2018.08.20"]
[EventType "team-tourn"]
[EventRounds "10"]
[EventCountry "CUB"]
[SourceTitle "CBM 195 Extra"]
[Source "ChessBase"]
[SourceDate "2020.05.31"]
[SourceVersion "1"]
[SourceVersionDate "2020.05.31"]
[SourceQuality "1"]

1. e4 c5 2. Nf3 d6 3. d4 cxd4 4. Nxd4 Nf6 5. Nc3 g6 6. Be2 Bg7 7. Be3 Nc6 8. Nb3 0-0 9. 0-0 b6 10. f4 Bb7 11. Bf3 Qc8 12. g4 Rd8 13. g5 Nd7 14. Nd5 Nc5 15. Nd4 Nxd4 16. Nxe7+ 1-0